Africa and the carbon cycle : (Record no. 18895)

000 -LEADER
fixed length control field 02952cam a22002537a 4500
020 ## - INTERNATIONAL STANDARD BOOK NUMBER
ISBN 9789251068878
020 ## - INTERNATIONAL STANDARD BOOK NUMBER
ISBN 9251068879
040 ## - CATALOGING SOURCE
Transcribing agency NLE
082 00 - DEWEY DECIMAL CLASSIFICATION NUMBER
Classification number 577 AGR 2001 C153 Or.
245 00 - TITLE STATEMENT
Title Africa and the carbon cycle :
Remainder of title proceedings of the Open Science Conference on "Africa and Carbon Cycle : the CarboAfrica project" : Accra (Ghana) 25-27 November 2008 /
260 ## - PUBLICATION, DISTRIBUTION, ETC. (IMPRINT)
Place of publication Rome :
Name of publisher Food and Agriculture Organization of the United Nations,
Year of publication 2011.
300 ## - PHYSICAL DESCRIPTION
Number of Pages xi, 224 p. :
Other physical details col. ill., col. maps ;
Dimensions 30 cm.
490 1# - SERIES STATEMENT
Series statement World soil resources reports,
520 ## - SUMMARY, ETC.
Summary, etc "A peer reviewed selection of articles derived from the presentations and posters showed at the Open Science Conference "Africa and Carbon Cycle", Accra, Ghana (25-27 November 2008) is presented. The Conference brought together about 100 participants from 28 nations, mainly from Africa and Europe, presenting issues related to the following sessions: i. Keynote speeches on Africa and Global Carbon Cycle; ii. Terrestrial Carbon Observations in Africa and Ecosystem fluxes; iii. Soil and Vegetation: Carbon and GHGs emissions in Africa; iv. Biogeochemical Modelling; v. Carbon sequestration and reduced emissions potentialities in Africa; vi. Demonstration projects and developing capacities in Africa A poster session was also organized especially to give visibility to African students and young researchers. Contributors belong both to the CarboAfrica consortium and other African or international initiatives. The conference focused on Africa's contribution to the global carbon cycle and climate system through an overview of the carbon related studies in sub- Saharan Africa carried out both by the project CarboAfrica and other African and international initiatives. The Conference showed the high number of initiatives currently ongoing in Africa, related to the study of all the component of the carbon cycle, from science to socio-economic issues, and considering all natural components, from soil to the atmosphere, through terrestrial ecosystems. In spite of the high number of efforts and of the important results already achieved, it was evident that there is still a strong need for continued and enhanced observations of Africa's carbon stocks and fluxes. The CarboAfrica network has been building a large partnership of relevant African and international institutions especially to meet this need. CarboAfrica will provide a future unique data set to enable a more precise assessment of Africa's carbon balance and its sensitivity to natural and anthropogenic pressures and future climate."--Summary.
650 #0 - SUBJECT ADDED ENTRY--TOPICAL TERM
Topical Term Carbon sequestration
650 #0 - SUBJECT ADDED ENTRY--TOPICAL TERM
Topical Term Carbon cycle (Biogeochemistry)
650 #0 - SUBJECT ADDED ENTRY--TOPICAL TERM
Topical Term Greenhouse gases
650 #0 - SUBJECT ADDED ENTRY--TOPICAL TERM
Topical Term Climatic changes
700 1# - ADDED ENTRY--PERSONAL NAME
Personal name Bombelli, A.
700 1# - ADDED ENTRY--PERSONAL NAME
Personal name Valentini, R.
710 2# - ADDED ENTRY--CORPORATE NAME
Corporate name or jurisdiction name as entry element Food and Agriculture Organization of the United Nations.
856 41 - ELECTRONIC LOCATION AND ACCESS
Uniform Resource Identifier http://www.fao.org/docrep/014/i2240e/i2240e.pdf
942 ## - ADDED ENTRY ELEMENTS (KOHA)
Koha item type ADB
952 ## - LOCATION AND ITEM INFORMATION (KOHA)
Withdrawn status [LOCAL, KOHA] 0
Holdings
Koha item type Source of acquisition Lost status Permanent Location Current Location Date acquired Full call number
សៀវភៅភាសាអង់គ្លេសA38499 Library Block CLibrary Block C2020-02-07577 AGR 2001 C153 Or.
មជ្ឈមណ្ឌលឯការនៃសាកលវិទ្យាល័យភូមិន្ទកសិកម្មចំការដូង

Powered by Koha